01696 2200733 4500001002100000005001500021035002000036007000300056008004100059020002200100082001100122084001700133100003000150245008000180250001500260300003500275500002200310700002900332600001600361264003100377336002100408337003000429338002300459990001200482990001200494990001200506990001200518990001200530990001200542990001200554990001200566990001200578990001200590990001200602990001200614990001200626990001200638990001200650990001200662990001200674990001200686990001200698990001200710990001200722990001200734990001200746990001200758990001200770990001200782990001200794990001200806990001200818990001200830990001200842990001200854990001200866990001200878990001200890990001200902990001200914990001200926990001200938990001200950INLIS00000000000031920231114071428 a0010-1123000005ta231114 0 ind  a978-623-257-412-0 a297.73 a297.73 CHO p0 aChoirul AnsoriePengarang1 aPendidikan Agama dan Budi Pekerti 1 :bSMA/MA/SMK Kelas X /cChoirul Ansori aed 1 cet 1 aviii, 220 hlm :bilus ;c26 cm aKurikulum Merdeka0 aMaulana UlanePenyunting 4aAgama Islam aBogor :bYudhistira,c2022 2rdacontentateks 2rdamediaatanpa perantara 2rdacarrieravolume a22.0888 a22.0889 a22.0890 a22.0891 a22.0892 a22.0893 a22.0894 a22.0895 a22.0896 a22.0897 a22.0898 a22.0899 a22.0900 a22.0901 a22.0902 a22.0903 a22.0904 a22.0905 a22.0906 a22.0907 a22.0908 a22.0909 a22.0910 a22.0911 a22.0912 a22.0913 a22.0914 a22.0915 a22.0916 a22.0917 a22.0918 a22.0919 a22.0920 a22.0921 a22.0922 a22.0923 a25.0401 a25.0402 a25.0403 a25.0404